000 00754nam a2200205Ia 4500
005 20250520075336.0
008 130821s1989 mx gr spa
040 _aCo-BoUCM
_bspa
_cDavid Moreno (modificó)
_dDavid Moreno (modificó)
041 0 0 _aspa
100 _aBower, Gordon H.
_9170320
245 0 0 _aTeorías del aprendizaje
_cGordon H. Bower ; Ernest R. Hilgard ; Traducción José Manuel Salazar Palacios
250 _a2a.Ed
260 _aMéxico D.F. (México)
_bTrillas
_c1989
300 _a790 Páginas
500 _aTítulo original : Theories of learning
650 0 4 _aTeoría de la educación
_925273
650 0 4 _aMétodos de estudio
_919450
942 _cLIBRO
_a10
_e2
_mB69T
_2DEWEY
_h370.1
_n0
999 _c79930
_d79930